|
|
|
|
| LEADER |
01053nam a22002657a 4500 |
| 001 |
37995 |
| 003 |
BD-DhAAL |
| 005 |
20220310133500.0 |
| 008 |
220310t1881 nyu||||| b||| 001 0 eng d |
| 999 |
|
|
|c 43739
|d 43739
|
| 020 |
|
|
|a 039395241X (pbk.)
|
| 040 |
|
|
|a BD-DhAAL
|
| 082 |
|
|
|a 330.91821
|2 23
|
| 100 |
|
|
|a North, Douglass C.
|9 46749
|
| 245 |
|
|
|a Structure and change in economic history /
|c Douglass C. North.
|
| 260 |
|
|
|a New York ;
|a London :
|b Norton,
|c c1981.
|
| 300 |
|
|
|a xi, 228 pages ;
|c 22 cm.
|
| 504 |
|
|
|a Includes bibliographical references (page 211-220.) and index.
|
| 541 |
|
|
|a Donated by Akbar Ali Khan
|e 37995
|
| 650 |
|
|
|a Economic history
|9 46750
|
| 651 |
|
|
|a Western countries
|x Economic conditions.
|9 46751
|
| 651 |
|
|
|a Western world
|x Economic conditions
|y 1914.
|9 46752
|
| 852 |
|
|
|a Ayesha Abed Library
|c Akbar Ali Khan Collection
|
| 942 |
|
|
|2 ddc
|c BK
|
| 952 |
|
|
|0 0
|1 0
|2 ddc
|4 0
|6 330_918210000000000_NOR
|7 1
|9 70088
|a BRACUL
|b BRACUL
|c AAKC
|d 2022-03-10
|e Donated by Akbar Ali Khan
|l 0
|o 330.91821 NOR
|p 3010037995
|r 2022-03-10
|t 1
|w 2022-03-10
|y BK
|